[Event "Havana U20"]
[Site "Havana"]
[Date "2024.08.17"]
[Round "9"]
[White "Morales Lezcano, Dariel"]
[Black "Fernandez Aguilera, Ibrain"]
[Result "1-0"]
[WhiteElo "2065"]
[BlackElo "2259"]
[PlyCount "53"]
[EventDate "2024.08.13"]
[EventType "tourn"]
[EventRounds "11"]
[EventCountry "CUB"]
[SourceTitle "EXT 2025"]
[Source "ChessBase"]
[SourceDate "2024.10.14"]
[SourceVersion "1"]
[SourceVersionDate "2024.10.14"]
[SourceQuality "1"]

1. e4 c5 2. Nc3 d6 3. f4 g6 4. Nf3 Bg7 5. Bc4 Nc6 6. 0-0 e6 7. d4 cxd4 8. Nb5 a6 9. Nbxd4 Nxd4 10. Nxd4 Nf6 11. f5 gxf5 12. exf5 e5 13. Nf3 h6 14. Kh1 Qc7 15. b3 Bd7 16. Ba3 Bf8 17. Qe1 Bc6 18. Qh4 Be7 19. Rad1 Bxf3 20. Rxf3 d5 21. Bxe7 Qxe7 22. Bxd5 Nxd5 23. Qa4+ b5 24. Qe4 Nc7 25. Qc6+ Kf8 26. f6 Qe6 27. Qxc7 1-0